[Event "Paris-ch op-B"]
[Site "Paris"]
[Date "2009.07.10"]
[Round "7"]
[White "Vin, Richard"]
[Black "Weinberger, Robert"]
[Result "0-1"]
[WhiteElo "1895"]
[BlackElo "1756"]
[PlyCount "92"]
[EventDate "2009.07.04"]
[EventType "swiss"]
[EventRounds "9"]
[EventCountry "FRA"]
[SourceTitle "EXT 2010"]
[Source "ChessBase"]
[SourceDate "2010.11.25"]
[SourceVersion "1"]
[SourceVersionDate "2010.11.25"]
[SourceQuality "1"]

1. d4 Nf6 2. c4 g6 3. Nc3 d5 4. cxd5 Nxd5 5. e4 Nxc3 6. bxc3 c5 7. Be3 Bg7 8. Qd2 0-0 9. Bc4 cxd4 10. cxd4 Nc6 11. Ne2 Qa5 12. Rd1 Qxd2+ 13. Rxd2 Rd8 14. f4 Na5 15. Bd5 e6 16. Bb3 Nxb3 17. axb3 Bf8 18. Kf2 Bb4 19. Rc2 Bd7 20. Rhc1 Bc6 21. d5 exd5 22. e5 Bd7 23. Rc7 Bc6 24. Nd4 Ba5 25. Nxc6 bxc6 26. Rxa7 Rxa7 27. Bxa7 Rc8 28. Bc5 Bd2 29. Rd1 Bxf4 30. Re1 Bh6 31. e6 fxe6 32. Rxe6 Bf8 33. b4 Kf7 34. Re3 Bxc5 35. bxc5 Rb8 36. Rc3 Rb2+ 37. Kf3 Kf6 38. h4 h5 39. g3 Rb4 40. Re3 Rc4 41. Re8 Rxc5 42. Rd8 Ke7 43. Rg8 Kf7 44. Rc8 Rc4 45. Ke3 Ke7 46. Rg8 Rg4 0-1

[Event "Paris-ch op-B"]
[Site "Paris"]
[Date "2009.07.08"]
[Round "5"]
[White "Vin, Richard"]
[Black "Jacq, Rene"]
[Result "1-0"]
[WhiteElo "1895"]
[BlackElo "1763"]
[PlyCount "171"]
[EventDate "2009.07.04"]
[EventType "swiss"]
[EventRounds "9"]
[EventCountry "FRA"]
[SourceTitle "EXT 2010"]
[Source "ChessBase"]
[SourceDate "2010.11.25"]
[SourceVersion "1"]
[SourceVersionDate "2010.11.25"]
[SourceQuality "1"]

1. d4 d5 2. c4 e6 3. Nc3 c6 4. e4 dxe4 5. Nxe4 Bb4+ 6. Bd2 Qxd4 7. Bxb4 Qxe4+ 8. Be2 Nd7 9. Nf3 c5 10. Bc3 Ngf6 11. 0-0 0-0 12. Bd3 Qc6 13. Qc2 b6 14. Ne5 Nxe5 15. Bxe5 Bb7 16. f3 Nd7 17. Bxh7+ Kh8 18. Be4 Qc8 19. Bc3 Kg8 20. Qf2 f5 21. Bxb7 Qxb7 22. Rfe1 Rae8 23. Qg3 Nf6 24. Qd6 Qe7 25. Rad1 Qxd6 26. Rxd6 Kf7 27. a4 Re7 28. Bxf6 Kxf6 29. Red1 Rff7 30. a5 bxa5 31. Re1 Rf8 32. Rc6 Rb8 33. Re2 Rb6 34. Rxc5 Reb7 35. Rce5 Kf7 36. Rxa5 Rxb2 37. Rxb2 Rxb2 38. Rxa7+ Kf6 39. f4 Rc2 40. Rc7 g5 41. fxg5+ Kxg5 42. Re7 Kf6 43. Rc7 Kg5 44. c5 e5 45. c6 e4 46. Rc8 Kf4 47. c7 Ke3 48. h4 Rc1+ 49. Kh2 Kf2 50. Rf8 Rxc7 51. Rxf5+ Ke2 52. g4 Kd3 53. Rd5+ Kc4 54. Rd1 Rf7 55. h5 e3 56. Rd8 Re7 57. Rd1 e2 58. Re1 Kd3 59. h6 Ke3 60. Kg3 Rd7 61. g5 Rd1 62. Rxe2+ Kxe2 63. h7 Rh1 64. g6 Rh6 65. g7 Rg6+ 66. Kf4 Rxg7 67. h8Q Rf7+ 68. Ke5 Re7+ 69. Kd6 Re3 70. Qh5+ Kf2 71. Qh4+ Ke2 72. Qg4+ Kf2 73. Kd5 Rf3 74. Qd4+ Re3 75. Qd2+ Kf3 76. Qd1+ Kf4 77. Qf1+ Rf3 78. Qe2 Re3 79. Qf2+ Rf3 80. Qh4+ Ke3 81. Qd4+ Ke2 82. Ke4 Rh3 83. Qb2+ Kf1 84. Qd2 Kg1 85. Kf4 Rb3 86. Qd1+ 1-0